书目信息 |
| 题名: |
人力资源经理案头工作手册
|
|
| 作者: | 杨付怀 编著 | |
| 分册: | ||
| 出版信息: | 北京 人民邮电出版社 2008 |
|
| 页数: | 10, 543页 | |
| 开本: | 26cm | |
| 丛书名: | ||
| 单 册: | ||
| 中图分类: | F272.92 | |
| 科图分类: | ||
| 主题词: | 企业管理--qi ye guan li--劳动力资源--资源管理--基本知识 | |
| 电子资源: | ||
| ISBN: | 978-7-115-17066-8 | |
| 000 | 00785nam0 2200217 450 | |
| 001 | 003685966 | |
| 005 | 20080918090146.73 | |
| 010 | @a978-7-115-17066-8@dCNY69.00 | |
| 100 | @a20080102d2008 em y0chiy50 ea | |
| 101 | 0 | @achi |
| 102 | @aCN@b110000 | |
| 105 | @ay z 000yy | |
| 200 | 1 | @a人力资源经理案头工作手册@Aren li zi yuan jing li an tou gong zuo shou ce@f杨付怀等编著 |
| 210 | @a北京@c人民邮电出版社@d2008 | |
| 215 | @a10, 543页@d26cm@e1光盘 | |
| 330 | @a本书是一本全面、专业的人力资源管理工具用书,阐述了人力资源管理的技术和方法,提供给读者人力资源管理的各种制度、模板、流程、表格。 | |
| 606 | 0 | @a企业管理@Aqi ye guan li@x劳动力资源@x资源管理@x基本知识 |
| 690 | @aF272.92@v4 | |
| 701 | 0 | @a杨付怀@Ayang fu huai@4编著 |
| 801 | 0 | @c20080918 |
| 905 | @aZUCC@dF272.92@eY170 | |
| 人力资源经理案头工作手册/杨付怀等编著.-北京:人民邮电出版社,2008 |
| 10, 543页;26cm+1光盘 |
| ISBN 978-7-115-17066-8:CNY69.00 |
| 本书是一本全面、专业的人力资源管理工具用书,阐述了人力资源管理的技术和方法,提供给读者人力资源管理的各种制度、模板、流程、表格。 |
| ● |
| 相关链接 |
|
|
|
正题名:人力资源经理案头工作手册
索取号:F272.92/Y170
 
预约/预借
| 序号 | 登录号 | 条形码 | 馆藏地/架位号 | 状态 | 备注 |
| 1 | 678081 | 206780811 | 社科库409/409社科库 91排1列1层/ [索取号:F272.92/Y170] | 在馆 | |
| 2 | 678082 | 206780820 | 社科库409/409社科库 91排1列1层/ [索取号:F272.92/Y170] | 在馆 | |
| 3 | 678083 | 206780839 | 社科库409/ [索取号:F272.92/Y170] | 在馆 |